000 00398nam a2200145Ia 4500
008 220216s9999 xx 000 0 und d
100 _aFernando W S E
245 0 _aNatural rubber - Technologists point of view
260 _bBulletin of the Rubber Research Institute of Sri Lanka
_c1988
300 _a33-41
650 _aAgeing
650 _aNatural rubber
650 _aSri Lanka
942 _cJS
999 _c63451
_d63451